000 00563nam a22001817a 4500
005 20231123095451.0
008 231123b |||||||| |||| 00| 0 eng d
020 _a9780409020366
041 _aEnglish
082 _a342 BUR
100 _aBurns, Y and Beukes, M
_lEnglish
245 _aAdministrative Law under the 1996 Constitution /
_cY Burns and M Beukes
250 _aThird Edition
260 _aDurban :
_bLexisNexis,
_c2006
300 _bxxiii, 566 pages ;
_c25 cm.
650 _aLegal practice
_bLaw
942 _cBK
_6ALISON_BN_VRIES
999 _c880
_d880